Flórula de las Reservas Biológicas de Iquitos Perú (Registro nro. 765)

Detalles MARC
000 -CABECERA
Campo de control 00830nam a2200265 a 4500
005 - FECHA Y HORA DE LA ULTIMA TRANSACCION
Campo de control 20140221164400.0
008 - ELEMENTOS DE LONGITUD FIJA—INFORMACION GENERAL
Campo de control 140221b1997 -Us||||| |||| 00| 0 eng d
041 ## - IDIOMA
Código de idioma para texto/pista de sonido o título separado Español
044 ## - PAÍS DE PUBLICACIÓN
País de publicación Estados Unidos
090 ## - CLASIFICACIÓN LOCAL
Colección LB
Consecutivo 00750
100 ## - ASIENTO PRINCIPAL--NOMBRE PERSONAL
Nombre personal Vásquez Martínez, Rodolfo
245 ## - MENCION DE TITULO
Título Flórula de las Reservas Biológicas de Iquitos Perú
Parte restante del título Allpahuayo-Mishana, Explornapo Camp, Explorama Lopge
260 ## - PUBLICACION, DISTRIBUCION, ETC. (PIE DE IMPRENTA)
Lugar de publicación, distribución, etc. San Louis
Nombre del editor, distribuidor, etc. Missouri Botanical Garden Press
Fecha de publicación, distribución, etc. 1997
300 ## - DESCRIPCION FISICA
Extensión 1046 p.
650 ## - ASIENTO SECUNDARIO DE MATERIA - TERMINO TEMATICO
Término temático o nombre geográfico como elemento de entrada Vegetación
650 ## - ASIENTO SECUNDARIO DE MATERIA - TERMINO TEMATICO
Término temático o nombre geográfico como elemento de entrada Reservas naturales
650 ## - ASIENTO SECUNDARIO DE MATERIA - TERMINO TEMATICO
Término temático o nombre geográfico como elemento de entrada Claves taxonómicas
650 ## - ASIENTO SECUNDARIO DE MATERIA - TERMINO TEMATICO
Término temático o nombre geográfico como elemento de entrada Pteridofitos
650 ## - ASIENTO SECUNDARIO DE MATERIA - TERMINO TEMATICO
Término temático o nombre geográfico como elemento de entrada Gimnospermae
650 ## - ASIENTO SECUNDARIO DE MATERIA - TERMINO TEMATICO
Término temático o nombre geográfico como elemento de entrada Angiospermae
662 ## - ASIENTO SECUNDARIO DE MATERIA - JERARQUIA DEL NOMBRE DE LUGAR(
País o entidad mayor Perú
Ciudad Iquitos
700 ## - ASIENTO SECUNDARIO - NOMBRE PERSONAL
Nombre personal Taylor, Charlotte M.
700 ## - ASIENTO SECUNDARIO - NOMBRE PERSONAL
Nombre personal Rudas Lleras, Agustín
942 ## - ELEMENTOS ADICIONALES (KOHA)
Tipo de ítem Impreso
Sistema de clasificación Local
Existencias
Withdrawn status Lost status Sistema de Clasificación Damaged status No para préstamo Colección Inventariado Ubicación Permanente Ubicación actual Fecha de adquisición Fuente de Valor Valor Total Checkouts Número topográfico Inventario / Código de Barras Date last seen Ejemplar Price effective from Forma de adquisición Tipo de material
    Local     Botánica Inventariado 2017 Villa de Leyva Villa de Leyva 09/01/1998 Instituto 39000.00   LB-00750 001090 04/12/2012 Ej. 1 04/12/2012   Libro